000 01283cam a2200277 i 4500
003 SA-RiAUC
005 20260217133414.0
008 260212s1999 su g b 000 0 ara c
020 _a9960727556
040 _aSA-JeALM
_bara
_cSA-RiAUC
_erda
082 0 4 _a012
_qSA-RiAUC
090 _a012
_bس ل ا
100 1 _aالسلامة، ناصر بن سعود بن عبد الله،
_d1385 هجري-
_eمؤلف.
245 1 0 _aمعجم مؤلفات يوسف بن حسن بن عبد الهادي الحنبلي المخطوطة بمكتبات العالم /
_cناصر بن سعود السلامة.
250 _aالطبعة الأولى.
264 1 _aالرياض :
_bدار إشبيليا،
_c1999
300 _a82 صفحة ؛
_c24 سم
336 _aنص
_btxt
_2rdacontent
_3كتاب
337 _aبدون وسيط
_bn
_2rdamedia
600 1 7 _aابن المبرد، يوسف بن حسن بن أحمد،
_d840-909 هجري
_vببليوجرافيات
_2aucnm
650 7 _aالمخطوطات العربية
_vببليوجرافيات
_2aucsh
650 7 _aالمخطوطات العربية
_vفهارس
_2aucsh
700 1 _aابن المبرد، يوسف بن حسن بن أحمد،
_d840-909 هجري
_eمؤلف.
942 _2ddc
_cBOOK
_n0
949 _aSA-JeALM
_d260212
_uosman123
_n1
999 _c14364
_d14364